Premier League Appearances by Nationality: Ivory Coast - Statistics

General Stats
  • This quiz has been taken 10 times
  • The average score is 4 of 10
Answer Stats
Appearances Player % Correct
353 Kolo Toure
100%
230 Yaya Toure
100%
254 Didier Drogba
63%
156 Salomon Kalou
63%
132 Emmanuel Eboue
25%
305 Wilfried Zaha
25%
126 Willy Boly
25%
138 Cheick Tiote
13%
113 Serge Aurier
13%
115 Wilfried Bony
13%
No matching quizzes found
Score Distribution
Percent of People with Each Score
Percentile by Number Answered
Your Score History
You have not taken this quiz